000 00352nam a2200133 4500
999 _c510052
_d510052
008 190718b ||||| |||| 00| 0 eng d
100 _aBiswal, Santosh Kumar
_97192
245 _aWhat ails the public distribution system?
260 _c2019
300 _ap.29-30.
773 _aMainstream
906 _aPublic distribution system
942 _2ddc
_cAR